Návrh pre aplikáciu novej metódy hodnotenia a odmeňovania zamestnancov spoločnosti SLOVNAFT TRANS, a.s. = Proposal for a new method of the evaluation and remuneration of employees of the company SLOVNAFT TRANS a.s. : Diplomová práca

Saved in:
Bibliographic Details
Main Author: Lišková, Renáta (Author)
Other Authors: Hrablik, Martin (xxx)
Format: Manuscript Book
Language:Slovak
Published: Trnava : STU v Bratislave MTF UPMK, 2008
Subjects:
Tags: Add Tag
No Tags, Be the first to tag this record!

MARC

LEADER 00000ntm a22000003a 4500
001 stu158223
005 20160719155813.6
008 080219s2008----xo------------------slo-d
040 |a STU  |b slo 
041 0 |a slo 
044 |a xo 
100 1 |a Lišková, Renáta  |4 aut 
245 1 |a Návrh pre aplikáciu novej metódy hodnotenia a odmeňovania zamestnancov spoločnosti SLOVNAFT TRANS, a.s. = Proposal for a new method of the evaluation and remuneration of employees of the company SLOVNAFT TRANS a.s. :  |b Diplomová práca 
260 |a Trnava :  |b STU v Bratislave MTF UPMK,  |c 2008 
300 |a 64 s  |c príl (1 CD-ROM) 
500 |a Program: priemyselné manažérstvo 
650 7 |a ľudské zdroje  |2 stusub 
650 7 |a hodnotenie zamestnancov  |2 stusub 
650 7 |a odmeňovanie zamestnancov  |2 stusub 
700 1 |a Hrablik, Martin  |4 xxx 
996 |b 284M067321  |c M*DP-7046  |l MMSKP  |s P  |a 0  |w stu158223_0001